000 00786am a2200313a 44500
003 AR-BaBNM
005 20251128211140.0
008 202120s1968 #AR|||||||||||000 | esp||
040 _cAR-BaBNM
100 1 _aGambini, Hugo
245 1 0 _aEl Che Guevara
260 _aBuenos Aires
_bPaidós
_c1968
300 _a532 p.
_bil., láms.
490 0 _aBiblioteca Mundo Moderno
_vv. 29
650 4 _aBIOGRAFIAS
650 4 _aCIENCIAS POLITICAS
650 4 _aHISTORIA SOCIAL
650 4 _aREVOLUCION
650 4 _aSOCIALISMO
651 4 _aEstados Unidos
651 4 _aCuba
651 4 _aArgentina
653 _aGUERRILLA
655 _aBIOGRAFIAS
700 1 _aAlgañarás, Julio
_ecolaborador
700 1 _aOrellano, Leda
_ecolaborador
942 _cBK
998 _cmariana
999 _c18453
_d18453